Taylor Swift - Paroles If This Was a Movie - Statistiques

Statistiques générales
  • Ce quiz a été pris 21 fois
  • Le résultat moyen est 328 sur 450
Statistiques - réponses
Hint Réponse % Correct
a
100%
I
100%
if
100%
Bridge If
100%
movie
100%
movie,
100%
this
100%
was
100%
whoa
100%
in
92%
me
92%
the
92%
would,
92%
would
92%
you
92%
Refrain You
92%
you"
92%
be
83%
But
83%
could,
83%
could
83%
ever
83%
Ever
83%
it
83%
like
83%
now
83%
Now
83%
now?
83%
now,
83%
Oh
83%
oh,
83%
oh
83%
said
83%
sorry
83%
to
83%
your
83%
you're
83%
all
75%
and
75%
And
75%
back
75%
back,
75%
Back
75%
by
75%
Come
75%
come
75%
here
75%
just
75%
my
75%
on
75%
out
75%
say
75%
there
75%
you'd
75%
Outro You'd
75%
door
67%
I'm
67%
it's
67%
knew
67%
moving
67%
not
67%
rain
67%
somewhere
67%
Stand
67%
that
67%
'til
67%
too
67%
we
67%
When
67%
when
67%
been
58%
before
58%
Before
58%
came
58%
for
58%
front
58%
gone
58%
how
58%
I've
58%
know
58%
of
58%
see
58%
since
58%
then
58%
though
58%
want
58%
way
58%
were
58%
what
58%
you've
58%
at
50%
fight,
50%
had
50%
lose
50%
much
50%
night
50%
remember
50%
somehow
50%
take
50%
thought
50%
Thought
50%
waiting
50%
work
50%
100
42%
beating
42%
'bout
42%
'Cause
42%
easy
42%
everything
42%
heard
42%
heart
42%
kind
42%
Couplet 1 Last
42%
our
42%
outside
42%
own
42%
reaching
42%
them
42%
Thinking
42%
through
42%
wanna
42%
6
33%
about
33%
baby
33%
Baby,
33%
ending
33%
ending?
33%
Even
33%
Flashback
33%
footsteps
33%
friends
33%
going
33%
happen
33%
happened
33%
Is
33%
lately
33%
memories,
33%
months
33%
nothing
33%
Sounded
33%
stairs
33%
still
33%
stood
33%
time
33%
up
33%
we've
33%
change
25%
change,
25%
chasing
25%
down
25%
gonna
25%
laughin'
25%
"Nothing's
25%
pacing
25%
people
25%
playing
25%
street
25%
these
25%
things
25%
arms
17%
hall,
17%
locked
17%
Maybe
17%
Wrapped
17%
Aucun quiz correspondant
Distribution des résultats
% des personnes avec chaque résultat
Percentile par nombre de réponses
Votre historique - résultats
Vous n’avez pas pris ce quiz